| 000 | 00633nam a2200229 a 4500 | ||
|---|---|---|---|
| 005 | 20210219153015.0 | ||
| 008 | 991125n 000 0 u | ||
| 035 | _aUPN01000072809 | ||
| 100 | 1 | _aPease, Laura | |
| 100 | 1 | _aChapman, Niels | |
| 222 | 0 | _aBRITISH JOURNAL OF SPECIAL EDUCATION | |
| 245 | 0 | 0 | _aDisapply first, modify later? |
| 260 | _aReino Unido | ||
| 300 | _a103-104 | ||
| 362 | 0 | _a1992 Vol. 19, no. 3, sept. | |
| 653 | 0 | _aDESARROLLO CURRICULAR | |
| 653 | 0 | _aNORMAS ACADEMICAS | |
| 653 | 0 | _aOBJETIVOS EDUCACIONALES DEL ESTUDIANTE | |
| 653 | 0 | _aSORDERA-CEGUERA | |
| 904 |
_aAC _b010620 |
||
| 905 | _aArticulo | ||
| 999 |
_c66106 _d66106 |
||